<?xml version="1.0" encoding="UTF-8"?>
<record
    xmlns:xsi="http://www.w3.org/2001/XMLSchema-instance"
    xsi:schemaLocation="http://www.loc.gov/MARC21/slim http://www.loc.gov/standards/marcxml/schema/MARC21slim.xsd"
    xmlns="http://www.loc.gov/MARC21/slim">

  <leader>00383nam a2200157Ia 4500</leader>
  <controlfield tag="008">230721s2006    xx            000 0 und d</controlfield>
  <datafield tag="020" ind1=" " ind2=" ">
    <subfield code="a">8173811393 </subfield>
  </datafield>
  <datafield tag="041" ind1=" " ind2=" ">
    <subfield code="a">eng</subfield>
  </datafield>
  <datafield tag="082" ind1=" " ind2=" ">
    <subfield code="a">612,CHA</subfield>
  </datafield>
  <datafield tag="100" ind1=" " ind2=" ">
    <subfield code="a">CHAUDHARI, S.K. </subfield>
  </datafield>
  <datafield tag="245" ind1=" " ind2=" ">
    <subfield code="a">CONCISE MEDICAL PHYSIOLOGY</subfield>
  </datafield>
  <datafield tag="250" ind1=" " ind2=" ">
    <subfield code="a">5TH</subfield>
  </datafield>
  <datafield tag="260" ind1=" " ind2=" ">
    <subfield code="b">MUMBAINEW CENTRAL BOOK AGENCY LTD</subfield>
    <subfield code="c">2006</subfield>
  </datafield>
  <datafield tag="300" ind1=" " ind2=" ">
    <subfield code="a">624 </subfield>
  </datafield>
  <datafield tag="650" ind1=" " ind2=" ">
    <subfield code="a">Physiology </subfield>
  </datafield>
  <datafield tag="999" ind1=" " ind2=" ">
    <subfield code="c">707182</subfield>
    <subfield code="d">707182</subfield>
  </datafield>
  <datafield tag="952" ind1=" " ind2=" ">
    <subfield code="0">0</subfield>
    <subfield code="1">0</subfield>
    <subfield code="4">0</subfield>
    <subfield code="7">0</subfield>
    <subfield code="a">DCS</subfield>
    <subfield code="b">DCS</subfield>
    <subfield code="d">2007-05-19</subfield>
    <subfield code="e">BHARATI SAHAKARI GRAHAK BHANDER PUNE</subfield>
    <subfield code="g">640.00</subfield>
    <subfield code="l">0</subfield>
    <subfield code="o">612,CHA</subfield>
    <subfield code="p">DCS-BVDS-568</subfield>
    <subfield code="r">2023-07-21 00:00:00</subfield>
    <subfield code="w">2023-07-21</subfield>
    <subfield code="y">BK</subfield>
  </datafield>
</record>
